000 00564nam a2200169Ia 4500
008 090711s9999 xx 000 0 und d
082 _b1251
100 _aSोंदवणकर सदानंद
245 _aभारतीय शास्त्रज्ञ
260 _c1964
300 _a90
600 _aSोंदवणकर सदानंद
630 _aभारतीय शास्त्रज्ञ
700 _aSोंदवणकर सदानंद
730 _aभारतीय शास्त्रज्ञ
942 _cBOOK
999 _c337200
_d337200